000 00684nam a2200181Ia 4500
008 100920s9999 xx 000 0 und d
082 _b57478
_a891.463.1 थ 91
100 _aतेंडुलकर प्रिया.
245 _aजन्मलेल्या प्रत्येकाला.
260 _bडिंपल पब्लिकेशन, ठाणे.
_c1991
300 _a172
_bसाधी
365 _b65
520 _aलघुकथा.
630 _aजन्मलेल्या प्रत्येकाला.
650 _aलघुकथा.
730 _aजन्मलेल्या प्रत्येकाला.
942 _cBOOK
999 _c701318
_d701315